[Event "Athens Smaok-ch"]
[Site "Athens"]
[Date "2007.09.18"]
[Round "2.3"]
[White "Georgopoulos, Georgios"]
[Black "Ilandzis, Spyridon"]
[Result "0-1"]
[WhiteElo "1785"]
[BlackElo "2174"]
[PlyCount "52"]
[EventDate "2007.09.12"]
[EventType "swiss"]
[EventRounds "9"]
[EventCountry "GRE"]
[SourceTitle "EXT 2024"]
[Source "ChessBase"]
[SourceDate "2023.10.10"]
[SourceVersion "1"]
[SourceVersionDate "2023.10.10"]
[SourceQuality "1"]

1. d4 Nf6 2. c4 e5 3. dxe5 Ng4 4. Nf3 Bc5 5. e3 Nc6 6. Nc3 0-0 7. Be2 Re8 8. 0-0 Ngxe5 9. a3 a5 10. b3 Nxf3+ 11. Bxf3 Ne5 12. Bb2 Ra6 13. Nd5 Rd6 14. Bxe5 Rxe5 15. Qc2 Rh6 16. g3 d6 17. b4 Ba7 18. Rfd1 Qd7 19. Bg2 Qg4 20. Nf4 Rxe3 21. c5 Re8 22. Re1 Rf8 23. Re7 dxc5 24. Rxc7 Bb6 25. h3 Qg5 26. h4 Qe5 0-1